| 000 | 00753nam a22001937a 4500 | ||
|---|---|---|---|
| 999 |
_c18280 _d18280 |
||
| 003 | AR-CdUCM | ||
| 008 | 190513b ||||| |||| 00| 0 spa d | ||
| 040 |
_aMUNICIPALIDAD PROVINCIAL DEL CUSCO _cBIBLIOTECA MUNICIPAL DEL CUSCO |
||
| 082 |
_a374.4 / _bP62 |
||
| 100 |
_aPiscoya Hermoza, Luis _938778 |
||
| 245 | _aInvestigación educacional / | ||
| 260 |
_aLima : _bMinisterio de educación, _c1978. |
||
| 300 |
_a141 páginas ; _c20 cm. |
||
| 505 | _aContenido: Ubicación y caracterización de la investigación educacional -- El proceso de la investigación educacional -- Técnicas de investigación. | ||
| 650 |
_aInvestigación educacional _938779 |
||
| 710 |
_aMinisterio de educación _97870 |
||
| 942 |
_2ddc _cLIBROS |
||
| 945 |
_aacv _d2019-05-13 |
||